000 00792nas a2200253 4500
001 BR9510071
003 BR-BrBNA
005 20231205095539.0
007 ta
008 230509b bl.|||p| |||| 00| 00por d
040 _aBR-BrBNA
_bpor
_cBiblioteca Nacional de Agricultura
041 _a(Pt)
072 _aF62
100 1 _aCardoso, V.J.M.
245 1 _aGerminacao e fotoblastismo de sementes de Cucumis anguria: influencia da qualidade da luz durante a maturacao e secagem
650 _aMaxixe
650 _aSemente
650 _aGerminacao
650 _aMaturacao
650 _aSecagem
773 0 _tRevista Brasileira de Fisiologia Vegetal (Brazil)
_xISSN 0103-3131
_g(Jun 1995), v. 7(1) p. 75-80
_wBR9510071
909 _a202311
_bLúcia
_c55
_dLúcia Elande
942 _2AGRIS
_n0
_cANA
999 _c151296
_d151296